Нелинейные металлоксидные полупроводники

Մատենագիտական մանրամասներ
Հիմնական հեղինակ: Валеев Х. С. Хады Сабирович
Այլ հեղինակներ: Квасков В. Б. Валерий Борисович
Լեզու:ռուսերեն
Հրապարակվել է: Москва, Энергоиздат, 1983
Խորագրեր:
Ձևաչափ: Գիրք
KOHA link:https://koha.lib.tpu.ru/cgi-bin/koha/opac-detail.pl?biblionumber=59665

MARC

LEADER 00000nam0a2200000 4500
001 59665
005 20231031060351.0
035 |a (RuTPU)RU\TPU\book\63120 
090 |a 59665 
100 |a 20040123d1983 k y0rusy50 ca 
101 0 |a rus 
102 |a RU 
105 |a a z 001zy 
200 1 |a Нелинейные металлоксидные полупроводники  |f Х. С. Валеев, В. Б. Квасков 
210 |a Москва  |c Энергоиздат  |d 1983 
215 |a 160 с.  |c ил. 
320 |a Библиогр.: с. 156-159. 
610 1 |a полупроводники 
610 1 |a оксиды 
610 1 |a варисторы 
610 1 |a электрические свойства 
610 1 |a контактные явления 
610 1 |a физико-химические свойства 
675 |a 621.315.592  |v 3 
700 1 |a Валеев  |b Х. С.  |g Хады Сабирович 
701 1 |a Квасков  |b В. Б.  |g Валерий Борисович 
801 1 |a RU  |b 63413507  |c 20040123  |g PSBO 
801 2 |a RU  |b 63413507  |c 20060706  |g PSBO 
942 |c BK